000 00478nam a22001817a 4500
003 MPLRDC
005 20220104113818.0
008 210129b ||||| |||| 00| 0 eng d
020 _a957-773-204-6
082 _a889 CSJB v.21
100 _aSALLY WENTWORTH
245 _a老婆要独立
_c刘念冬译
260 _a
_b禾林图书股份有限公司
_c1994
300 _b
490 _a畅销金榜. 21
650 _a西洋小说之中文翻译
942 _cBK
_o889 CSJB v.21
999 _c2554
_d2544